000 00704nam a2200229Ia 4500
005 20241129104401.0
008 241129s9999||||xx |||||||||||||| ||und||
020 _a9781032534480
037 _aTextual
040 _aRTL
_beng
_cRTL
041 _aeng
_2eng
084 _aY74445:4582.29W R4
_qRTL
100 _aWouters Jelle J.P.; Subba Tanka B.
_9726142
245 0 _aROUTLEDGE COMPANION to Northeast India
_cWouters Jelle J.P.; Subba Tanka B.
260 _aLondon
_bRoutledge
_c2024
300 _axxxi,515p.
365 _aINR
_b1995
490 _aRoutledge Companions
650 _aNortheast India
_9726143
942 _cTB
_hY74445:4582.29W R4
999 _c1225661
_d1225661